| 000 | 00674cab a2200241 4500 | ||
|---|---|---|---|
| 001 | ABS67313 | ||
| 008 | 040108n2003 000 0 eng u | ||
| 035 | _a(Sirsi) u124782 | ||
| 245 | _aRegional survey: Kent | ||
| 260 | _c2003 | ||
| 490 |
_aProperty Week _v68(47) 28 November 2003, 47-60(7) |
||
| 590 | _aABS | ||
| 650 | _aKENT | ||
| 650 | _aASHFORD | ||
| 650 | _aTUNBRIDGE WELLS | ||
| 650 | _aTHANET | ||
| 650 | _aSITTINGBOURNE | ||
| 650 | _aPROPERTY-COMMERCIAL PROPERTY-OFFICE PROPERTY-OFFICE PROPERTY MARKET | ||
| 650 | _aLEISURE MARKET | ||
| 650 | _aINDUSTRIAL MARKET | ||
| 690 | _aPROPERTY-COMMERCIAL PROPERTY-COMMERCIAL PROPERTY MARKET | ||
| 942 | _n0 | ||
| 999 |
_c74055 _d74055 |
||